| 000 | 00000nam##2200000za#4500 |
| 001 | 9.574066 |
| 003 | CaOODSP |
| 005 | 20210624184013 |
| 007 | cr ||||||||||| |
| 008 | 150406|1996||||xxc|||||o f|0| 0 eng|d |
| 022 | |a1488-5379 |
| 040 | |aCaOODSP|beng |
| 043 | |an-cn--- |
| 086 | 1 |aFs97-6/2093E-PDF |
| 110 | 1 |aCanada. |bDepartment of Fisheries and Oceans. |
| 245 | 10|aProceedings of the 22nd Annual Aquatic Toxicity Workshop : |h[electronic resource]|bOctober 2-4, 1995, St. Andrews, New Brunswick / |c[edited by] K. Haya and A. J. Niimi. |
| 260 | |aSt. John's - Newfoundland and Labrador : |bFisheries and Oceans Canada |cFebruary 1996. |
| 300 | |a174p.|bfigs., graphs, maps, references, tables, photographs |
| 490 | 1 |aCanadian technical report of fisheries and aquatic sciences|x1488-5379|vNo. 2093 |
| 500 | |aThe catalogue number (Fs97-6/2093E) and ISSN (0706-6457) for the print edition have been incorrectly copied in this electronic publication. |
| 546 | |a(Texte d'introduction en français et en anglais.) |
| 590 | |a12-22-Supp|b2012-05-24 |
| 720 | 1 |aNiimi, A. J. |
| 720 | 1 |aHaya, K. |
| 776 | 0#|tProceedings of the 22nd Annual Aquatic Toxicity Workshop : |w(CaOODSP)9.612986 |
| 830 | #0|aCanadian technical report of fisheries and aquatic sciences,|x1488-5379|vNo. 2093|w(CaOODSP)9.504449 |
| 856 | 40|ahttp://publications.gc.ca|qPDF|s10.21 MB|uhttps://publications.gc.ca/collections/collection_2012/mpo-dfo/Fs97-6-2093-eng.pdf|yNo. 2093 |